000 00729nam a2200217 4500
003 CO-ViMGA
020 _a9789583039645
040 _aCO-ViMGA
_bspa
_cCO-ViMGA
082 0 4 _aI 629.45 P243t
100 1 _aParker, Steve , 1952-
_9714
245 1 0 _aTransporte espacial del futuro /
_cSteve Parker ; ilustraciones de David West ; traducción del inglés Patricia Torres
260 _aBogota :
_bPanamericana Editorial,
_c2012
300 _a32 p. ;
_bil. ; color
504 _aIncluye glosario e indice
650 1 4 _aAstronáutica
_9716
650 1 4 _aEspacio exterior
_vExploración
_9717
650 1 4 _aViajes interplanetarios
_9715
700 1 _aTorres, Patricia
_etr.
_945
700 1 _aWest, David
_eil.
_9718
942 _2ddc
_cBK
999 _c33654
_d33654